000 00917cam a2200253 a 4500
001 000004694
003 OSt
005 20210406103400.0
008 911011s1987 ve a b 001 0 spa d
020 _a9802221538
040 _aDO-SdBNP
_cDLC
_dDLC
082 _a861.3
_bC419B
100 1 _aBriceño Perozo, Mario,
_d1917-
_913669
245 1 3 _aLa espada de Cervantes /
_cMario Briceño Perozo.
260 _aCaracas :
_bItalgráfica,
_c1987.
300 _a242 p. :
_bil. ;
_c23 cm.
504 _aIncludes bibliographical references and index.
600 1 0 _aCERVANTES SAAVEDRA, MIGUEL DE,
_d1547-1616.
_tDON QUIJOTE.
_913671
600 1 0 _aCERVANTES SAAVEDRA, MIGUEL DE,
_y1547-1616
_xCRÍTICA E INTERPRETACIÓN
_913672
650 4 _aPoesía española
_xCrítica e interpretación
_94053
650 4 _aLiteratura española
_xCrítica e interpretación
_94054
910 _aCatalogación por copia / LC
942 _2ddc
_cLBS1
999 _c4500
_d4500